[Event "Napoli Vomero Inverno op 4th"]
[Site "Napoli"]
[Date "2009.01.15"]
[Round "2"]
[White "Loffredo, Gennaro"]
[Black "Lombardo, Michele"]
[Result "0-1"]
[WhiteElo "1551"]
[BlackElo "2021"]
[PlyCount "104"]
[EventDate "2009.01.08"]
[EventType "swiss"]
[EventRounds "7"]
[EventCountry "ITA"]
[SourceTitle "EXT 2011"]
[Source "ChessBase"]
[SourceDate "2010.11.26"]
[SourceVersion "1"]
[SourceVersionDate "2010.11.26"]
[SourceQuality "1"]

1. e4 c5 2. Nf3 d6 3. d3 Nf6 4. Be2 Nc6 5. c3 e6 6. 0-0 Be7 7. Nbd2 a6 8. Nc4 b5 9. Ne3 Bb7 10. Re1 0-0 11. Nf1 Rc8 12. Ng3 Ne5 13. Nxe5 dxe5 14. Qc2 Qc7 15. Be3 Rfd8 16. Rad1 Qc6 17. Nh5 Nd7 18. Qc1 g6 19. Ng3 Nb6 20. Bf1 Rd7 21. Bg5 f6 22. Be3 Rcd8 23. f3 h5 24. Qc2 f5 25. Bf2 Bf6 26. Qc1 Kh7 27. Be2 c4 28. dxc4 Nxc4 29. Rxd7+ Rxd7 30. Bxc4 bxc4 31. Rd1 Rxd1+ 32. Qxd1 h4 33. Nf1 fxe4 34. fxe4 Qxe4 35. Qf3 Qxf3 36. gxf3 Bxf3 37. Be3 g5 38. Kf2 Bd5 39. Nd2 Kg6 40. Bc5 Kf5 41. Nf1 Kg4 42. Ne3+ Kh3 43. Kg1 g4 44. Kf2 Bg5 45. Kg1 Bf4 46. Nxd5 Bxh2+ 47. Kf1 exd5 48. b4 g3 49. Bg1 g2+ 50. Kf2 Bxg1+ 51. Kxg1 Kg3 52. b5 h3 0-1